000 00636cam a22002054a 4500
005 20250605164137.0
008 250528s ||||||||||||||||||||||||d
035 _a18809
020 _a151975140
040 _aGR-AtMCL
_bgre
_dGR-AtMCL
_eAACR2
245 1 _aWith Child / One Couple's Journey to Their Adopted Children
250 _a1st
260 _bHarcourt Brace Jovanovich, Publishers,
_c1986
300 _a230
520 _aPrologue, On the Thermometer, Jonathan, Conceiving the Child, Nicholas, Ruth, Epilogue: Real Parents.
700 1 _aViguers Susan T
_95070
942 _cBK
999 _c4122
_d4122